Pensamientos fundamentales en la economía / (Record no. 41567)
[ view plain ]
| 000 -LEADER | |
|---|---|
| campo de control de longitud fija | 01155nam a2200277 i 4500 |
| 001 - NÚMERO DE CONTROL | |
| campo de control | 41567 |
| 003 - IDENTIFICADOR DE NÚMERO DE CONTROL | |
| campo de control | ES-MaACL |
| 005 - FECHA Y HORA DE LA ÚLTIMA TRANSACCIÓN | |
| campo de control | 20250721062602.0 |
| 007 - CAMPO FIJO DE DESCRIPCIÓN FÍSICA--INFORMACIÓN GENERAL | |
| campo de control de longitud fija | t| |
| 008 - DATOS DE LONGITUD FIJA--INFORMACIÓN GENERAL | |
| campo de control de longitud fija | 030311s1944 mx ||||1| spa d |
| 100 1# - ENTRADA PRINCIPAL--NOMBRE DE PERSONA | |
| Nombre de persona | Cassel, Gustavo. |
| 9 (RLIN) | 36346 |
| 245 10 - MENCIÓN DEL TÍTULO | |
| Título | Pensamientos fundamentales en la economía / |
| Mención de responsabilidad, etc. | Gustav Cassel ; traducción de Salvador Novo. |
| 250 ## - MENCION DE EDICION | |
| Mención de edición | [3ª ed.]. |
| 260 ## - PUBLICACIÓN, DISTRIBUCIÓN, ETC. | |
| Lugar de publicación, distribución, etc. | México : |
| Nombre del editor, distribuidor, etc. | Fondo de Cultura Económica, |
| Fecha de publicación, distribución, etc. | [1944] |
| 300 ## - DESCRIPCIÓN FÍSICA | |
| Extensión | 164 p. ; |
| Dimensiones | 20 cm. |
| 490 1# - MENCIÓN DE SERIE | |
| Mención de serie | Manual les introductores |
| 510 ## - NOTA DE CITAS O REFERENCIAS BIBLIOGRÁFICAS | |
| Nombre de la fuente | CCPB, |
| Localización dentro de la fuente | 001313020-X. |
| 650 #7 - PUNTO DE ACCESO ADICIONAL DE MATERIA--TÉRMINO DE MATERIA | |
| Término de materia o nombre geográfico como elemento de entrada | Economía |
| Fuente del encabezamiento o término | embne |
| 9 (RLIN) | 12006 |
| 700 1# - ENTRADA AGREGADA--NOMBRE PERSONAL | |
| Nombre de persona | Novo, Salvador, |
| Fechas asociadas al nombre | 1904-1974 |
| 9 (RLIN) | 86083 |
| 830 0# - PUNTO DE ACCESO ADICIONAL DE SERIE-TÍTULO UNIFORME | |
| Título uniforme | Manual les introductores |
| 9 (RLIN) | 229789 |
| 852 ## - LOCALIZACIÓN | |
| Ubicación | ES-MaACL |
| Número de control de estantería | D-6279 |
| Sublocalización o colección | R.30373 |
| -- | R.M.5874 |
| itemnumber | 43096 |
| Ubicación en estantería | Sala Valle Inclán |
| Marcas de propiedad | Sello en tinta azul de la Biblioteca del Ateneo de Madrid. |
| Anotaciones manuscritas | Anotación manuscrita a lápiz en cubierta: "10" |
| -- | Anotación manuscrita a lápiz en guarda posterior: "16" |
| Nota libre | "11.DIC.1950" |
| 942 ## - ELEMENTOS DE ENTRADA SECUNDARIOS (KOHA) | |
| Fuente del sistema de clasificación o colocación | Clasificación decimal universal |
| Tipo de ítem Koha | Libro impreso |
| Estatus retirado | Estado de pérdida | Estado de daño | No para préstamo | Biblioteca de origen | Biblioteca actual | Ubicación en estantería | Fecha de adquisición | Fuente de adquisición | Total de préstamos | Signatura topográfica completa | Código de barras | Visto por última vez | Precio de reemplazo | Tipo de ítem Koha |
|---|---|---|---|---|---|---|---|---|---|---|---|---|---|---|
| Biblioteca del Ateneo de Madrid | Biblioteca del Ateneo de Madrid | Sala Valle Inclán | 17/01/2008 | D-6279 | 901043757 | 23/02/2023 | 23/02/2023 | Libro impreso |
